Compendio de arithmética
Salvato in:
| Autore principale: | |
|---|---|
| Natura: | Sconosciuto |
| Lingua: | portoghese |
| Pubblicazione: |
Lisboa
Typ J M Eusébio
1862
|
| Catalogo: | MANES: Risultati della ricerca del catalogo della biblioteca |
| Libro di testo Classificazione: |
|
| Tags: |
Aggiungi Tag
Nessun Tag, puoi essere il primo ad aggiungerne!!
|
| Aggiunto a: | 2016-04-26 |
| Cambiato in: | 2025-04-25 |
MARC
| LEADER | 000000000a22000000004500 | ||
|---|---|---|---|
| 001 | 36688 | ||
| 003 | OSt | ||
| 005 | 20250425110753.0 | ||
| 008 | 160427s po ||||| |||| 00| 0 por d | ||
| 041 | |a Portugués | ||
| 561 | |5 pt-MJD |a Portugal. Museu João de Deus |k MANES | ||
| 691 | |a PRI | ||
| 100 | 1 | |a António Augusto Machado de Monteiro de Campos |9 18841 | |
| 245 | 0 | 0 | |a Compendio de arithmética |
| 260 | 3 | |a Lisboa |b Typ J M Eusébio |c 1862 | |
| 300 | |a 178 p. |c 15 cm | ||
| 500 | |a Registro Topográfico: 1600 | ||
| 690 | |a MATE | ||
| 942 | |2 ddc |c BK | ||
| 546 | |a Portugal | ||
| 999 | |c 40147 |d 40147 | ||
| 999 | |c manes:40147 |d 40147 | ||